French Presidents - Statistics

General Stats
  • This quiz has been taken 2,138 times
    1,251 since last reset
  • The average score is 11 of 25
Answer Stats
Hint Answer % Correct
2017-???? Emmanuel MACRON
97%
1959-1969 Charles DE GAULLE
91%
2007-2012 Nicolas SARKOZY
87%
2012-2017 François HOLLANDE
86%
1995-2007 Jacques CHIRAC
82%
1981-1995 François MITTERRAND
68%
1969-1974 Georges POMPIDOU
65%
1974-1981 Valéry GISCARD D'ESTAING
64%
1848-1851 Louis-Napoléon BONAPARTE
45%
1954-1959 René COTY
36%
1871-1872 Adolphe THIERS
34%
1913-1920 Raymond POINCARE
30%
1873-1879 Patrice de MAC MAHON
29%
1932-1940 Albert LEBRUN
28%
1947-1954 Vincent AURIOL
28%
1895-1899 Félix FAURE
26%
1920-1924 Alexandre MILLERAND
25%
1887-1894 Sadi CARNOT
25%
1931-1932 Paul DOUMER
23%
1920 Paul DESCHANEL
22%
1924-1931 Gaston DOUMERGUE
21%
1879-1887 Jules GREVY
20%
1906-1913 Armand FALLIERES
18%
1894-1895 Jean CASIMIR-PERIER
18%
1899-1906 Emile LOUBET
17%
No matching quizzes found
Score Distribution
Percent of People with Each Score
Percentile by Number Answered
Your Score History
You have not taken this quiz since the last reset